00982nam a2200265 a 450000100100000000500170001000800410002702000150006804000250008308200170010810000380012524500530016326000370021630000410025349000230029450000340031750000180035150000930036950400300046259000270049270000390051983000260055895201150058499900170069900004227320201002040038.0131121s2003 sp ac 000 0 spa d a8466610618 aDO-SdBNPbspacBNPHU axxxbA388Ó1 aOsorio, Alfonsod1923-201896930910aAlfonso XIII /cAlfonso Osorio, Gabriel Cardona. aBarcelona :bEdiciones B,c2003. axvi, 243 p. :bil., retrs. ;c21 cm.1 aCara & cruz ;v1 ; aIncluye índice onomástico aIncluye notas aIncluye datos biográficos de los autores en la solapa de la cubierta y contracubierta. aBibliografía p: 229-234 aInventariado, 2019/ YL12aCardona, Gabrield1938-2011969310 0aCara & cruzn1969311 001050718MOaGRbGRcCTd2013-11-21iLF1l0oxxx A388Óp42273-10r2020-06-25w2020-06-25y1ZNo se presta c41762d41762